00352nam a2200157Ia 4500003000900000005001700009008004100026040001300067040001300080100002100093245004200114250001100156260001300167300000800180490000600188IT-RoPAU20220918175403.0120407s9999 xx 000 0 und d aIT-RoPAU cIT-RoPAU aGiovanni Rinaldi aLa sacra Bibbia - Le lingue semitiche aTorino aMarietti c cm v1